[Event "GER AM05-A email"]
[Site "GER email"]
[Date "2019.06.19"]
[Round "?"]
[White "Panitevsky, Ivan Anatolevich"]
[Black "Rogos, Jan"]
[Result "1/2-1/2"]
[WhiteElo "2523"]
[BlackElo "2506"]
[PlyCount "118"]
[EventDate "2019.??.??"]
[EventType "tourn (corr)"]
[EventRounds "14"]
[EventCountry "GER"]
[SourceTitle "Corr 2022"]
[Source "ChessBase"]
[SourceDate "2021.10.24"]
[SourceVersion "1"]
[SourceVersionDate "2021.10.24"]
[SourceQuality "1"]

1. d4 Nf6 2. c4 e6 3. Nc3 Bb4 4. f3 c5 5. d5 0-0 6. e4 d6 7. Nge2 b5 8. Nf4 exd5 9. Nfxd5 Nxd5 10. Qxd5 Qb6 11. Bf4 Be6 12. Qxd6 Qa5 13. Qd2 Nc6 14. Kf2 Nd4 15. Rb1 bxc4 16. a3 Bxc3 17. bxc3 Nb3 18. Qb2 Rfd8 19. Be2 Rd3 20. Rhd1 Rad8 21. Qc2 Rxd1 22. Rxd1 Rxd1 23. Qxd1 h5 24. Be5 h4 25. Qd6 Nc1 26. Qe7 Nd3+ 27. Bxd3 cxd3 28. Qg5 Kf8 29. Bd6+ Kg8 30. Be5 Kf8 31. Bxg7+ Ke8 32. Qd2 Qd8 33. Bh6 c4 34. Qb2 Qd6 35. g3 Bc8 36. Be3 Qe5 37. Kg2 f5 38. Bf4 h3+ 39. Kf2 Qc5+ 40. Be3 Qc6 41. Qb8 fxe4 42. fxe4 Qf6+ 43. Bf4 Qb6+ 44. Qxb6 axb6 45. Ke3 Be6 46. Kd4 Kd7 47. a4 Kc6 48. Ke5 Bg4 49. Kd4 b5 50. a5 Kb7 51. Kc5 Ka6 52. Kb4 Bf3 53. e5 Bg4 54. Be3 Be6 55. Bh6 Bg4 56. Bd2 Be6 57. Be3 Bg4 58. Bd2 Be6 59. Be3 Bg4 1/2-1/2

[Event "GER AM05-A email"]
[Site "GER email"]
[Date "2019.06.19"]
[Round "?"]
[White "Rogos, Jan"]
[Black "Kornev, Aleksey Nikolaevich"]
[Result "1/2-1/2"]
[WhiteElo "2506"]
[BlackElo "2535"]
[PlyCount "60"]
[EventDate "2019.??.??"]
[EventType "tourn (corr)"]
[EventRounds "14"]
[EventCountry "GER"]
[SourceTitle "Corr 2022"]
[Source "ChessBase"]
[SourceDate "2021.10.24"]
[SourceVersion "1"]
[SourceVersionDate "2021.10.24"]
[SourceQuality "1"]

1. d4 Nf6 2. c4 e6 3. Nc3 Bb4 4. e3 0-0 5. Bd3 d5 6. Nf3 c5 7. 0-0 cxd4 8. exd4 dxc4 9. Bxc4 b6 10. Bg5 Bb7 11. Re1 Nbd7 12. Rc1 Rc8 13. Qb3 Bxc3 14. Rxc3 h6 15. Bh4 Bd5 16. Bxd5 Rxc3 17. bxc3 exd5 18. Qa4 a5 19. Ne5 Re8 20. Re3 g5 21. Bg3 Nxe5 22. dxe5 Ne4 23. Qd4 Nc5 24. h4 Qd7 25. Rf3 Re6 26. Rf5 Qb5 27. Qd1 Rg6 28. h5 Re6 29. Kh2 Qd3 30. Qg4 Qxc3 1/2-1/2

[Event "GER AM05-A email"]
[Site "GER email"]
[Date "2019.06.19"]
[Round "?"]
[White "Rogos, Jan"]
[Black "Ziese, Gerhard"]
[Result "1/2-1/2"]
[WhiteElo "2506"]
[BlackElo "2488"]
[PlyCount "66"]
[EventDate "2019.??.??"]
[EventType "tourn (corr)"]
[EventRounds "14"]
[EventCountry "GER"]
[SourceTitle "Corr 2022"]
[Source "ChessBase"]
[SourceDate "2021.10.24"]
[SourceVersion "1"]
[SourceVersionDate "2021.10.24"]
[SourceQuality "1"]

1. e4 c6 2. d4 d5 3. e5 c5 4. Nf3 cxd4 5. Nxd4 Nc6 6. c4 e6 7. Nc3 Bc5 8. Nxc6 bxc6 9. Qg4 Ne7 10. Qxg7 Ng6 11. Be2 Bf8 12. Qf6 Be7 13. Qf3 d4 14. Ne4 Qa5+ 15. Kf1 Qxe5 16. h4 f5 17. Ng5 Qd6 18. Bd2 Rb8 19. c5 Qxc5 20. b3 e5 21. Bc4 e4 22. Qh5 Bxg5 23. Bxg5 Qe5 24. Qh6 Be6 25. Rc1 Bxc4+ 26. Rxc4 d3 27. h5 Ne7 28. Bf4 Qa1+ 29. Rc1 Qxa2 30. Bxb8 Qe2+ 31. Kg1 d2 32. Kh2 dxc1Q 33. Rxc1 Qxf2 1/2-1/2

[Event "SVK-ch 65"]
[Site "Tatranske Matliare"]
[Date "2019.05.25"]
[Round "1"]
[White "Privara, Igor"]
[Black "Rogos, Jan"]
[Result "1-0"]
[WhiteElo "2177"]
[BlackElo "1743"]
[PlyCount "33"]
[EventDate "2019.05.25"]
[EventType "swiss"]
[EventRounds "9"]
[EventCountry "SVK"]
[SourceTitle "CBM 190 Extra"]
[Source "ChessBase"]
[SourceDate "2019.07.15"]
[SourceVersion "1"]
[SourceVersionDate "2019.07.15"]
[SourceQuality "1"]

1. e4 c5 2. c3 Nc6 3. d4 cxd4 4. cxd4 e6 5. Nf3 Bb4+ 6. Nc3 Qc7 7. Be3 Nf6 8. Bd3 0-0 9. 0-0 Qa5 10. e5 Nd5 11. Bxh7+ Kh8 12. Nxd5 exd5 13. Bd3 Be7 14. Ng5 Bxg5 15. Qh5+ Bh6 16. Bxh6 f5 17. exf6 1-0

[Event "SVK-chT2C 1819"]
[Site "Slovakia"]
[Date "2018.12.16"]
[Round "6.2"]
[White "Hajnal, Zoltan"]
[Black "Rogos, Jan"]
[Result "1-0"]
[WhiteElo "2401"]
[BlackElo "2071"]
[PlyCount "79"]
[EventDate "2018.10.13"]
[EventType "team-tourn"]
[EventRounds "11"]
[EventCountry "SVK"]
[SourceTitle "CBM 189 Extra"]
[Source "ChessBase"]
[SourceDate "2019.06.03"]
[SourceVersion "1"]
[SourceVersionDate "2019.06.03"]
[SourceQuality "1"]
[WhiteTeam "Vinica"]
[BlackTeam "Jelsava Magnezit"]
[WhiteTeamCountry "SVK"]
[BlackTeamCountry "SVK"]

1. e4 g6 2. d4 Bg7 3. Nc3 c5 4. Nf3 cxd4 5. Nxd4 Nc6 6. Be3 Qa5 7. Qd2 Nf6 8. f3 a6 9. g4 d6 10. 0-0-0 Nd7 11. Kb1 Nxd4 12. Bxd4 Bxd4 13. Qxd4 Qe5 14. Qe3 Qc5 15. Qh6 Nf6 16. Qd2 Be6 17. g5 Nd7 18. f4 0-0-0 19. Bg2 Nb6 20. b3 Kb8 21. Rhe1 Rc8 22. Nd5 Bxd5 23. exd5 Rc7 24. c4 h6 25. b4 Qxc4 26. Rc1 Qb5 27. Rxc7 Kxc7 28. Qc3+ Qc4 29. Rxe7+ Kd8 30. Qf6 Nd7 31. Qxd6 Qd3+ 32. Kc1 Qa3+ 33. Kb1 Qd3+ 34. Kc1 Qa3+ 35. Kd2 Qxa2+ 36. Ke1 Qb1+ 37. Kf2 Qf5 38. Rxd7+ Qxd7 39. Qf6+ Kc7 40. Qc3+ 1-0

[Event "SVK-chT1E 1718"]
[Site "Slovakia"]
[Date "2017.12.03"]
[Round "6.8"]
[White "Rogos, Jan"]
[Black "Kolesar, Peter"]
[Result "1/2-1/2"]
[WhiteElo "1764"]
[BlackElo "2012"]
[PlyCount "116"]
[EventDate "2017.10.21"]
[EventType "team-tourn"]
[EventRounds "11"]
[EventCountry "SVK"]
[SourceTitle "EXT 2019"]
[Source "ChessBase"]
[SourceDate "2018.10.10"]
[SourceVersion "1"]
[SourceVersionDate "2018.10.10"]
[SourceQuality "1"]
[WhiteTeam "Jelsava Magnezit"]
[BlackTeam "Zilina Mladost"]
[WhiteTeamCountry "SVK"]
[BlackTeamCountry "SVK"]

1. e4 e5 2. Nf3 Nc6 3. Bb5 a6 4. Ba4 Nf6 5. d3 b5 6. Bb3 Be7 7. Bg5 0-0 8. 0-0 d6 9. h3 Na5 10. Nbd2 Nxb3 11. Nxb3 c5 12. Nbd2 h6 13. Bh4 Qd7 14. Qe2 g5 15. Bg3 Ne8 16. Nh2 Ng7 17. Ng4 Kh7 18. Qf3 f6 19. Rfe1 Bb7 20. Ne3 f5 21. Bh2 fxe4 22. Qe2 exd3 23. Qxd3+ Kg8 24. Bxe5 Rad8 25. Bxg7 Kxg7 26. Nd5 Rde8 27. Nxe7 Rxe7 28. Ne4 Rfe8 29. f3 Bxe4 30. Rxe4 Rxe4 31. fxe4 Qe6 32. Re1 d5 33. Qc3+ Kg6 34. Qxc5 dxe4 35. Re3 Re7 36. a3 Rf7 37. Qd4 Re7 38. Qc5 Rd7 39. Re1 Rd5 40. Qb4 e3 41. Qb3 Re5 42. Qxe6+ Rxe6 43. g4 h5 44. Kg2 hxg4 45. hxg4 Re4 46. Kf3 Rf4+ 47. Kg3 Rf2 48. Rxe3 Rxc2 49. Re6+ Kf7 50. Rxa6 Rxb2 51. Rb6 Rb3+ 52. Kf2 Rb2+ 53. Kf3 Rb3+ 54. Ke4 Rxa3 55. Rxb5 Kf6 56. Rb6+ Kf7 57. Kf5 Ra5+ 58. Ke4 Ra4+ 1/2-1/2

[Event "SVK-ch Seniors 65"]
[Site "Tatranske Matliare"]
[Date "2017.05.28"]
[Round "3"]
[White "Bakalar, Jan"]
[Black "Rogos, Jan"]
[Result "1-0"]
[WhiteElo "1992"]
[BlackElo "1794"]
[PlyCount "91"]
[EventDate "2017.05.27"]
[EventType "swiss"]
[EventRounds "9"]
[EventCountry "SVK"]
[SourceTitle "EXT 2023"]
[Source "ChessBase"]
[SourceDate "2022.10.05"]
[SourceVersion "1"]
[SourceVersionDate "2022.10.05"]
[SourceQuality "1"]

1. Nf3 d5 2. d4 Nf6 3. Bf4 Nc6 4. e3 Nh5 5. Bg5 h6 6. Bh4 Qd6 7. a3 g5 8. Nfd2 Qg6 9. Bd3 f5 10. Be2 g4 11. c4 e6 12. Nc3 Qf7 13. h3 Be7 14. hxg4 Bxh4 15. Rxh4 fxg4 16. Bxg4 Nf6 17. cxd5 Nxg4 18. Qxg4 exd5 19. Qf3 Be6 20. Qxf7+ Bxf7 21. Ke2 0-0-0 22. Rah1 Rd6 23. Nf3 Rg6 24. g3 Be6 25. Rf4 a6 26. b4 Rd8 27. Nh4 Rg7 28. Rf6 Bg4+ 29. f3 Bd7 30. g4 Re7 31. Kd2 Rh7 32. Ng2 Ne7 33. Rfxh6 Rxh6 34. Rxh6 c6 35. Nf4 Rf8 36. Rh7 Kd8 37. Rxe7 Kxe7 38. Ng6+ Kf7 39. Nxf8 Kxf8 40. Ke2 Kf7 41. Kf2 Kf6 42. Kg3 Kg5 43. e4 dxe4 44. Nxe4+ Kg6 45. Kf4 b6 46. Ke5 1-0